Derbys du Monde - Statistiques

Statistiques générales
  • Ce quiz a été pris 41 fois
    23 depuis la dernière actualisation
  • Le résultat moyen est 25 sur 68
Statistiques - réponses
Hint Réponse % Correct
Derby de Madrid Atlético Madrid
100%
Derby de Madrid Real Madrid
100%
Derby de Barcelone FC Barcelone
94%
Derby de l'Ouest de Londres Chelsea
76%
Derby de Manchester Manchester City
76%
Derby de Manchester Manchester United
76%
Derby de Paris Paris-Saint Germain
76%
Derby du Nord de Londres Arsenal
71%
Derby de Paris Paris FC
71%
Derby du Nord de Londres Tottenham / Spurs
71%
Derby de Séville FC Séville
65%
Derby de Milan Inter Milan
59%
Derby des rives de la Mersey (Liverpool) Liverpool
59%
Derby de Milan AC Milan
53%
Derby de Séville Bétis Séville / Real Bétis
53%
Derby de Belgrade Etoile Rouge
53%
Derby de Berlin Union Berlin
53%
Derby de Rome AS Rome
47%
Derby des rives de la Mersey (Liverpool) Everton
47%
Derby de Turin Juventus Turin
47%
Derby de Rome Lazio Rome
47%
Derby de Turin Torino
47%
Derby de l'Est de Londres West Ham
47%
Derby d'Istanbul Galatasaray
41%
Derby de Los Angeles Los Angeles Galaxy
41%
Derby de Belgrade Partizan
41%
Derby de Lisbonne Benfica
35%
Derby de Bruges Cercle Bruges
35%
Derby de Berlin Herta Berlin
35%
Derby de Los Angeles LAFC / Los Angeles FC
35%
Derby de Prague Sparta Prague
35%
Derby de Buenos Aires Boca Juniors
29%
Derby de Bristol Bristol City
29%
Derby de Glasgow Celtic
29%
Derby de Bruges Club Bruges
29%
Derby du Sud de Londres Crystal Palace
29%
Derby de l'Ouest de Londres Fulham
29%
Derby de Gênes Genoa
29%
Derby de Glasgow Rangers
29%
Derby de Buenos Aires River Plate
29%
Derby de Sheffield Sheffield United
29%
Derby de Prague Slavia Prague
29%
Derby de Birmingham Aston Villa
24%
Derby de Barcelone Espagnol Barcelone
24%
Derby de Rotterdam Feyenoord
24%
Derby de Rio Flamengo
24%
Derby de Sheffield Sheffield Wednesday
24%
Derby de Rotterdam Sparta Rotterdam
24%
Derby de Valence Valence FC
24%
Derby d'Istanbul Fenerbace
18%
Derby de Rio Fluminense
18%
Derby de New York New York Red Bull
18%
Derby de Sao Paulo Palmeiras
18%
Derby de Sao Paulo Sao Paulo
18%
Derby d'Athènes AEK Athènes
12%
Derby de Bruxelles Anderlecht
12%
Derby d'Hambourg Hambourg SV
12%
Derby du Sud de Londres Milwall
12%
Derby de Gênes Sampdoria Gênes
12%
Derby d'Hambourg Sankt Pauli
12%
Derby de Lisbonne Sporting Portugal
12%
Derby de Bruxelles Union Sainte Gilloise
12%
Derby de Birmingham Birmingham City
6%
Derby de Bristol Bristol Rovers
6%
Derby de Valence Levante
6%
Derby de New York New York City FC
6%
Derby de l'Est de Londres Leyton Orient
0%
Derby d'Athènes Panatinaikos
0%
Aucun quiz correspondant
Distribution des résultats
% des personnes avec chaque résultat
Percentile par nombre de réponses
Votre historique - résultats
Vous n’avez pas pris ce quiz depuis la dernière actualisation